Szczegóły MARC21

Owning our future : the emerging ownership revolution : [journeys to the generative economy] /

003 -Nazwa inst., której nr kontr. jest w polu 001 [,]
    • @
    • Nazwa instytucji, której n kontrolny jest w polu 001
    • NUKAT
005 -DATA I CZAS OSTATNIEJ MODYFIKACJI [,]
    • @
    • pole kontrolne
    • 20241231100853.0
020 -Międzynarod. znormalizowany nr książki - ISBN [ , ]
    • a
    • Numer ISBN
    • 9781605093109 Find
    • q
    • Dopowiedzenie
    • pbk.
040 -Instytucja sporządzająca opis [ , ]
    • a
    • Instytucja, która sporządziła opis (NP)
    • SZCZ U/JS
    • c
    • Instytucja, która sporządziła rekord (NP)
    • SZCZ U/JS
    • d
    • Instytucja, która zmodyfikowała rekord (P)
    • SZCZ U/MSZ
942 -Rodzaj dokumentu [ , ]
    • c
    • Rodzaj dokumentu
    • Książka
100 -Hasło główne - nazwa osobowa [1, ]
    • a
    • Nazwa osobowa (NP)
    • Kelly, Marjorie
    • d
    • Daty biograficzne (NP)
    • (1953- ).
    • 9
    • KHW
    • 81928
245 -Strefa tytułu i oznaczenia odpowiedzialności [1,0]
    • a
    • Tytuł
    • Owning our future : Find
    • b
    • Ciąg dalszy tytułu (NP)
    • the emerging ownership revolution : [journeys to the generative economy] / Find
    • c
    • Pozostałe elementy strefy tytułu i oznaczenia odpowiedzialności (NP)
    • Marjorie Kelly ; [foreword by David C. Korten].
260 -Strefa adresu wydawniczego [ , ]
    • a
    • Miejsce wydania (P)
    • San Francisco :
    • b
    • Nazwa wydawcy (P)
    • Berrett-Koehler Publishers,
    • c
    • Data wydania (P)
    • cop. 2012.
300 -Strefa opisu fizycznego [ , ]
    • a
    • Określenie formy książki i/lub objętość (NP)
    • XI, 246 s. :
    • b
    • Oznaczenie ilustracji (NP)
    • il. ;
    • c
    • Format (NP)
    • 23 cm.
336 -Typ zawartości [ , ]
    • a
    • Termin opisujący typ zawartości
    • Tekst
    • b
    • Kod określający zawartość
    • txt
    • 2
    • Źródło (terminu i kodu)
    • rdacontent
337 -Typ mediów [ , ]
    • a
    • Tryb odtwarzania
    • Bez urządzenia pośredniczącego
    • b
    • Kod typu mediów
    • n
    • 2
    • Źródło (terminu i kodu)
    • rdamedia
338 -Typ/rodzaj nośnika [ , ]
    • a
    • Hasło opisujące typ nośnika
    • Wolumin
    • b
    • Kod typu nośnika
    • nc
    • 2
    • Źródło (terminu i kodu)
    • rdacarrier
504 -Uwaga dot. bibliogr. załącznikowej [ , ]
    • a
    • Uwaga dot. bibliografii załącznikowej
    • Indeks.
080 -Uniwersalna Klasyfikacja Dziesiętna [ , ]
    • 2
    • Identyfikator wydania tablic
    • UDC-P058
    • 9
    • UKD
    • 2950
    • a
    • Symbol klasyfikacji
    • 330.162
    • b
    • Dopowiedzenie
    • Etyka gospodarcza. Etyka biznesu.
    • 4
    • UKD2
    • 7644
    • x
    • Poddział wspólny
    • =111
    • c
    • Dopowiedzenie poddz. wspólnego
    • =Język angielski.
080 -Uniwersalna Klasyfikacja Dziesiętna [ , ]
    • 2
    • Identyfikator wydania tablic
    • UDC-P058
    • 9
    • UKD
    • 2970
    • a
    • Symbol klasyfikacji
    • 330.36
    • b
    • Dopowiedzenie
    • Równowaga gospodarcza. Zrównoważony i niezrównoważony wzrost gospodarczy.
    • 4
    • UKD2
    • 7644
    • x
    • Poddział wspólny
    • =111
    • c
    • Dopowiedzenie poddz. wspólnego
    • =Język angielski.
080 -Uniwersalna Klasyfikacja Dziesiętna [ , ]
    • 2
    • Identyfikator wydania tablic
    • UDC-P058
    • 9
    • UKD
    • 3995
    • a
    • Symbol klasyfikacji
    • 502.13/.14
    • b
    • Dopowiedzenie
    • Społeczne, administracyjne i prawne aspekty ochrony środowiska (ekologia społeczna). Ekorozwój. Rozwój zrównoważony.
    • 4
    • UKD2
    • 7644
    • x
    • Poddział wspólny
    • =111
    • c
    • Dopowiedzenie poddz. wspólnego
    • =Język angielski.
980 -Symbol UKD [ , ]
    • a
    • UKD
    • 330.162:330.36:502.13/.14]=111
700 -Hasło dodatkowe - nazwa osobowa [1, ]
    • a
    • Nazwa osobowa (NP)
    • Korten, David C. Find
    • d
    • Daty biograficzne (NP)
    • (1937- ).
    • e
    • Określenie rodzaju współpracy
    • Wstęp
    • 9
    • KHW
    • 81929
710 -Hasło dodatkowe - nazwa ciała zbiorowego [2, ]
    • a
    • Nazwa ciała zbiorowego lub nazwa geograficzna jako pierwszy element (NP)
    • Berrett-Koehler Publishers.
    • 4
    • Kod relacji
    • pbl
    • 9
    • KHW
    • 81930
920 -ISBN [ , ]
    • a
    • ISBN
    • 978-1-60509-310-9 Find
    • q
    • Dopowiedzenie
    • pbk.
Lokalizacja Data inwentaryzacji Status udost. Numer inwentarzowy
T2014-04-29-2T.16601